000 00540nam a2200181Ia 4500
008 090123s9999 xx 000 0 und d
082 _b20729
100 _aपरुळेकर आशा
245 _aरुप संवर्धन
250 _a1
260 _bउन्मेष प्रकाशन
_c1992
300 _a185
600 _aपरुळेकर आशा
630 _aरुप संवर्धन
700 _aपरुळेकर आशा
730 _aरुप संवर्धन
942 _cBOOK
999 _c58801
_d58801